000 00647nam a2200193 i 4500
001 37848
003 ES-MaACL
005 20250828083958.0
007 t|
008 030224q1939 sz ||||1| fre d
110 2 0 _aOficina Internacional de Educación
_96022
245 1 3 _aLe Bureau International d'Education en 1938-39.
260 _aGenève :
_bBureau International d'Education,
_c1939?
300 _a16 h. ;
_c24 cm.
490 1 _aPublications du Bureau International d'Education ;
_v69
830 0 _aPublications du Bureau International d'Education ;
_v69
_9181740
852 _aES-MaACL
_j1835-F-4
_bR.18588
999 _c37848
_d37848